Walter Gebauer - Rainer Behrends - Rudolf Weinhold: Keramik in der DDR - Tradition und Moderne

Bibliographic Details
Main Author: Kalesný, František, 1918-2007 (Author)
Format: Article
Language:Slovak
Subjects:

MARC

LEADER 00000nab a2200000 a 4500
001 vtls000407342
003 SK-MaSNL
005 20260318140718.0
008 230131c1990 xo 0 slo
015 |a SNBRB19rr/mm-uuuuu 
035 |a CL0407466 
035 |a urn:nbn:sk:snk-ab2ney 
035 |a (urnnbn)urn:nbn:sk:snk:ar-a02o52 
035 |a (uuid)d8b648c0-f7ac-44ea-a4a7-5d2674931d5a 
040 |a SNKBUCL  |b slo  |c SNKBUCL  |e AACR2 
041 0 |a slo 
044 |a xo  |c SK 
080 |a 738(430)  |2 1981 
080 |a 904  |2 1981 
080 |a 738  |2 1981 
080 |a 39  |2 1981 
100 1 |a Kalesný, František,  |d 1918-2007  |4 aut  |9 38489 
245 1 0 |a Walter Gebauer - Rainer Behrends - Rudolf Weinhold: Keramik in der DDR - Tradition und Moderne  |c František Kalesný 
650 0 7 |a keramika ľudová  |x Nemecko  |x recenzie  |2 snkbucl  |9 1131939 
650 0 7 |a keramika umelecká  |z Nemecko  |x recenzie  |2 snkbucl  |9 1131940 
655 7 |a články z novín a časopisov  |2 snkbucl  |9 267496 
773 0 |t Múzeum  |g Roč. 35, č. 3 (1990), s. 89-90 
787 0 8 |i Rec.:  |a Gebauer, Walter  |t Keramik in der DDR - Tradition und Moderne  |d Triesen : Buchverlag Josef Büchel, 1988 
850 |a Slovenská národná knižnica v Martine  |a MTA001 
852 |a SNK  |b KIS3GCP 
954 |a odborná, vedecká literatúra pôvodná (slovenská)  |2 lita 
958 |a OND 
958 |a EUIPO 
958 |a article27 
992 |a RBX 
999 |c 1906608  |d 1908538